Sports Quiz

Random Sports or NBA Quiz

NBA Brothers Quiz Stats

 Plays Quiz Updated Nov 11, 2014

Challenge
Share
Tweet
Embed
Score 0/20 Timer 05:00
1 Play Today
Points (First Name) Last Name % Correct
26,668 (Dominique)Wilkins
94.4%
16,576* (Pau)Gasol
92%
12,996 (Horace)Grant
78.5%
6,168* (Brook)Lopez
75.7%
8,488 (Brent)Barry
70.8%
2,252* (Markieff)Morris
69.8%
19,655 (Bernard)King
65.5%
14,093 (Gus)Williams
51.5%
2,621* (Jason)Collins
43.9%
6,589 (Caldwell), 1,826 (Charles)Jones
40.5%
Points (First Name) Last Name % Correct
13,858 (Chuck)Person
40.4%
10,989 (Mark)Price
34.9%
2,718* (Brandon)Rush
33.6%
6,771 (Willie)Anderson
25.7%
11,199 (Jim)Paxson
23.7%
7,866 (Brad)Davis
16.7%
15,079 (Dick)Van Arsdale
15%
10,156 (George)Mikan
10.9%
8,729 (Jay)Vincent
6.8%
3,353 (George)Trapp
0.9%

You're not logged in!

Compare scores with friends on all Sporcle quizzes.
Join for Free
OR
Log In

You Might Also Like...

Show Comments

Extras

Top Quizzes Today


Score Distribution

Your Account Isn't Verified!

In order to create a playlist on Sporcle, you need to verify the email address you used during registration. Go to your Sporcle Settings to finish the process.

Report this User

Report this user for behavior that violates our Community Guidelines.

Details: